000 00550nam a2200205Ia 4500
005 20250508152125.0
008 008 250505s9999 xx 000 0 eng d
037 _aTextual
040 _aFEDL
_beng
_cFEDL
041 _aeng
_2eng
084 _a150, GEA
_qFEDL
100 _aGeach Peter
245 0 _aMental acts: Their content and their objects
260 _aLondon, UK
_bRoutledge and Kegan Paul
300 _ax,136p.
365 _aINR
_b8.33
650 _aPsychology
942 _cTEXL
_h150, GEA
999 _c1334416
_d1334416